00697nam a22002057a 4500003000400000008004100004082001600045100002100061245024900082260004100331300000900372502001100381650002500392650001300417650001600430650001200446650001100458650001100469650001100480OSt250606b |||||||| |||| 00| 0 eng d a632.9bS48S aSingh, Ramanand. aStudies on the Effect of Root-Knot Nematode- Meloidogyne incognita (Kofoid and White 1919) Chitwood, 1949 Alone and in Combination With Some Fusarium spp. on Seedling Emergence and Growth of Cauliflower, Bronjal and Tomato / cby Ramanand Singh a.- Dholi, Muzaffarpurb: TCAc, 1977 a62p. bM. Sc. aZoology & Entomology aNematode aCauliflower aBrinjal aTomato aThesis aM. Sc.